000 00371nam a2200145Ia 4500
008 230917s9999||||xx |||||||||||||| ||und||
040 _e5987
_aMAIN
041 _aEnglish
082 _a327 F496S
100 _aFinlay, David J
245 0 _aInternational relations on the planet earth
260 _aNew York
_bHarper and Row
_c1975
300 _ax, 374 p.
942 _cBK
999 _c194436
_d194436